000 00504nam a2200169 i 4500
001 87420
003 ES-MaACL
005 20230906175652.0
007 t|
008 041221s1936 sp ||||1| spa d
100 1 _aKrehl, Ludolf.
_968795
245 1 0 _aDiagnóstico y tratamiento de las enfermedades internas /
_cpor Ludolf Krehl ; traducción de Carballo.
260 _aBarcelona :
_bLabor,
_c1936.
300 _a531 p. ;
_c23 cm.
700 1 _aCarballo.
_934997
852 _aES-MaACL
_jE-1108
_bR.18017
999 _c87420
_d87420